Programa de educación y comunicación en población en México (Logros, carencias y requerimientos) Una experiencia

Guardat en:
Dades bibliogràfiques
Autor principal: Brito V., Enrique
Format: Text
Publicat: San José: PROLAP. CELADE
Etiquetes: Afegir etiqueta
Sense etiquetes, Sigues el primer a etiquetar aquest registre!

MARC

LEADER 00000 a a2200000 04500
001 21867
003
040
090 |a 025800  
100 |a Brito V., Enrique  
245 |a Programa de educación y comunicación en población en México (Logros, carencias y requerimientos) Una experiencia  
260 |a San José:   |b PROLAP. CELADE  
300 |a 15 p.  
999 |c 11038  |d 11038